Представление документа в формате MARC21

Поле Инд. ПП Название Значение
Тип записи a
Библиографический уровень b
001 Контрольный номер RU/IS/BASE/308416983
005 Дата корректировки 20200526074526.8
008 Кодируемые данные 20091009
040 b Код языка каталог. rus
e Правила каталог. PSBO
041 0_ a Код языка текста rus
084 a Индекс другой классификации/Индекс ББК 65.291.2; 65.292.34-21
100 1_ a Автор Дедов Д. И.
245 10 a Заглавие О формировании приоритетных интересов корпорации
650 a Основная рубрика менеджмент (управление предприятием)
a Основная рубрика предпринимательство
a Основная рубрика экономика
a Основная рубрика экономика предприятия
653 a Ключевые слова акционерное право
a Ключевые слова акционерные компании
a Ключевые слова демократические процедуры
a Ключевые слова дивидендная политика компании
a Ключевые слова доходы компаний
a Ключевые слова корпоративное право
a Ключевые слова корпоративное управление
a Ключевые слова корпоративные интересы
a Ключевые слова корпоративные отношения
a Ключевые слова развитие бизнеса
a Ключевые слова распределение доходов
a Ключевые слова сотрудничество
773 08 t Заглавие источника Вестник Московского университета. Серия 11, Право
d Дата издания источника 2009
g Прочая информация № 1. - С. 36 - 43
w Контрольный № источника RU/IS/BASE/299591405
901 t Тип документа b